Turkish Premier League Players - Statistics

General Stats
  • This quiz has been taken 84 times
  • The average score is 5 of 16
Answer Stats
Club (s) Answer % Correct
Middlesborough, Stoke, Bolton Tuncay
72%
Blackburn Tugay
71%
Leicester Çağlar Söyüncü
66%
Everton Cenk Tosun
63%
Newcastle Emre Belözoğlu
55%
Liverpool Nuri Sahin
38%
Blackburn Hakan Şükür
34%
Aston Villa Alpay
27%
West Ham Gökhan Töre
16%
Leicester, Birmingham Muzzy Izzet
16%
Blackburn Hakan Ünsal
11%
Sheffield United Colin Kazim-Richards
9%
Fulham Kerim Frei
7%
Blackburn Yıldıray Baştürk
5%
Reading Jem Karacan
4%
Bolton Bülent Akın
1%
No matching quizzes found
Score Distribution
Percent of People with Each Score
Percentile by Number Answered
Your Score History
You have not taken this quiz